00533nam a2200193 a 450000100100000000500170001000800410002702000150006804000250008308200140010810000340012224500550015626000500021130000200026149000130028183000190029404900090031399900170032200002594520200930024155.0110224s1992 sp r 000 0 spa d a8460438953 aDO-SdBNPbspacBNPHU aNNNbE85m1 aEtxeba, Carlos,d1929-94161810aLas mujeres de Mahoma :bcomedia /cCarlos Etxeba. aBilbao :bPublicaciones Edertasuna,c[1992?]. a63 p. ;c21 cm.1 aPoesía 0aPoesía91183 aBNGR c25437d25437